EGHS 1st Regional Champ team Quiz Stats

 Plays Quiz not verified by Sporcle

Score 0/16 Timer 10:00
0 Plays Today
Grade Player/Coach % Correct
12Sam Reed
100%
10Scottie Ingram
100%
10Casie Divine
100%
10Darci Abell
100%
CoachCoach Ingram
100%
12Whitney Richardson
50%
12Rikki McCann
50%
11Brittany Igel
50%
Grade Player/Coach % Correct
11Kierstin Southern
50%
10Leanna Bailey
50%
10Chelsey Bailey
50%
9Peyton Gilliat
50%
Assist. CoachCoach Ivey
50%
11YangYang Yu
0%
10Anna Jenness
0%
9Tori Milhoan
0%

You're not logged in!

Compare scores with friends on all Sporcle quizzes.
OR
Log In

Show Comments

Extras

Top Quizzes Today


Score Distribution

Your Account Isn't Verified!

In order to create a playlist on Sporcle, you need to verify the email address you used during registration. Go to your Sporcle Settings to finish the process.

Report this User

Report this user for behavior that violates our Community Guidelines.

Details: